Quiz sur les films et séries du MCU (Marvel) - Statistiques

Statistiques générales
  • Ce quiz a été pris 6 262 fois
    2 466 depuis la dernière actualisation
  • Le résultat moyen est 33 sur 56
Statistiques - réponses
Date de sortie Type de quiz Titre % Correct
2008 Film Iron Man
98%
2012 Film Avengers
91%
2011 Film Thor
91%
2010 Film Iron Man 2
90%
2008 Film L'incroyable Hulk
90%
2013 Film Iron Man 3
87%
2019 Film Avengers : Endgame
80%
2018 Film Avengers : Infinity War
77%
2015 Film Avengers : l'ère d'Ultron
76%
2015 Film Ant-Man
75%
2016 Film Doctor Strange
75%
2021 Film Black Widow
74%
2017 Film Thor : Ragnarok
73%
2018 Film Black Panther
72%
2021 Série Loki
72%
2017 Film Spider-Man : Homecoming
72%
2016 Film Captain America : Civil War
71%
2019 Film Spider-Man : Far From Home
71%
2021 Film Spider-Man: No Way Home
71%
2019 Film Captain Marvel
70%
2014 Film Les Gardiens de la Galaxie
70%
2022 Téléfilm Les Gardiens de la Galaxie : Joyeuses Fêtes
70%
2021 Série WandaVision
70%
2018 Film Ant-Man et la guêpe
69%
2014 Film Captain America, le soldat de l'hiver
67%
2011 Film Captain America: First Avenger
65%
2013 Film Thor: Le Monde des ténèbres
64%
2022 Film Thor: Love and Thunder
64%
2017 Film Les Gardiens de la Galaxie Vol. 2
63%
2022 Film Black Panther - Wakanda Forever
61%
2021 Série Hawkeye
60%
2023 Film Les Gardiens de la Galaxie Vol. 3
58%
2021 Film Les Éternels
55%
2023 Film Ant-Man et la guêpe : Quantumania
54%
2022 Série She-Hulk
53%
2023 Film The Marvels
51%
2022 Film Doctor Strange in the Multiverse of Madness
50%
2022 Série Ms. Marvel
50%
2021 Film Shang-Chi et la Légende des Dix Anneaux
50%
2021 Série Falcon et le Soldat de l'Hiver
49%
2026 Film Avengers: Doomsday
46%
2022 Série Moon Knight
46%
2021 Série What If...?
46%
2025 Film Captain America: Brave New World
42%
2025 Film The Fantastic Four: First Steps
41%
2025 Film Thunderbolts
41%
2024 Série Agatha All Along
40%
2027 Film Avengers : Secret Wars
38%
2025 Série Daredevil : Born Again
36%
2024 Film Deadpool et Wolverine
36%
2023 Série Secret Invasion
35%
2024 Série Echo
30%
2022 Téléfilm Werewolf by Night
26%
2022 Série I Am Groot
23%
2025 Série Ironheart
23%
2025 Film Blade
20%
Aucun quiz correspondant
Distribution des résultats
% des personnes avec chaque résultat
Percentile par nombre de réponses
Votre historique - résultats
Vous n’avez pas pris ce quiz depuis la dernière actualisation